000 00549nam a2200217Ia 4500
003 OSt
005 20220926042345.0
006 a|||||r|||| 00| 0
007 ta
008 220923b |||||||| |||| 00| 0 eng d
037 _cGeneral Book
040 _aRTL
_cRTL
_beng
041 _2eng
_aeng
082 _aJ.2s, F0
100 _aWood R Cecil Co.
_9346141
245 0 _aAgricultural facts and figures
260 _c1920
650 _aAgriculture
_927
942 _hJ.2s, F0
_cGB
_2CC
999 _c669513
_d669513